Mario Party Minigames (Mainline Only) - Statistics

General Stats
  • This quiz has been taken 126 times
  • The average score is 99 of 891
Answer Stats
Hint Answer % Correct
Mario Party Shy Guy Says
59%
Mario Party Bumper Balls
56%
Mario Party 2 Bowser's Big Blast
50%
Mario Party Mushroom Mix-Up
50%
Mario Party Tug o' War
47%
Mario Party Ground Pound
41%
Mario Party 5 Leaf Leap
41%
Mario Party Bombs Away
38%
Mario Party 4 Booksquirm
38%
Mario Party 4 Domination
38%
Mario Party Balloon Burst
35%
Mario Party 4 Dungeon Duos
35%
Mario Party Face Lift
35%
Mario Party Handcar Havoc
35%
Mario Party Slot Car Derby
35%
Mario Party Bowl Over
32%
Mario Party Coin Block Bash
32%
Mario Party Coin Block Blitz
32%
Mario Party Crane Game
32%
Mario Party 2 Day at the Races
32%
Mario Party Piranha's Pursuit
32%
Mario Party Treasure Divers
32%
Mario Party 6 What Goes Up...
32%
Mario Party Bobsled Run
29%
Mario Party Hammer Drop
29%
Mario Party 2 Hexagon Heat
29%
Mario Party 2 Honeycomb Havoc
29%
Mario Party Hot Bob-omb
29%
Mario Party Hot Rope Jump
29%
Mario Party Memory Match
29%
Mario Party 4 Paths of Peril
29%
Mario Party 9 Pizza Me, Mario
29%
Mario Party 4 Blame It On the Crane
26%
Mario Party 3 Bounce 'n' Trounce
26%
Mario Party Buried Treasure
26%
Mario Party Cast Aways
26%
Mario Party Coin Shower Flower
26%
Mario Party 5 Coney Island
26%
Mario Party Crazy Cutter
26%
Mario Party Desert Dash
26%
Mario Party 2 Dungeon Dash
26%
Mario Party 6 Mass Meteor
26%
Mario Party 6 Money Belt
26%
Mario Party 7 Monty's Revenge
26%
Mario Party 3 M.P.I.Q.
26%
Mario Party Paddle Battle
26%
Mario Party Platform Peril
26%
Mario Party 5 Pushy Penguins
26%
Mario Party 3 River Raiders
26%
Mario Party 6 Same is Lame
26%
Mario Party 2 Shell Shocked
26%
Mario Party 7 The Final Countdown
26%
Mario Party 6 Throw Me a Bone
26%
Mario Party 3 Vine With Me
26%
Mario Party Whack-a-Plant
26%
Mario Party Box Mountain Mayhem
24%
Mario Party 7 Bubble Brawl
24%
Mario Party 2 Bumper Balloon Cars
24%
Mario Party 5 Button Mashers
24%
Mario Party 6 Catch You Letter
24%
Mario Party 3 Cheep Cheep Chase
24%
Mario Party 3 Eatsa Pizza
24%
Mario Party 7 Fun Run
24%
Mario Party Grab Bag
24%
Mario Party 6 Granite Getaway
24%
Mario Party 3 Hide and Sneak
24%
Mario Party 5 Hotel Goomba
24%
Mario Party Limbo Dance
24%
Mario Party 2 Look Away
24%
Mario Party 3 Mario's Puzzle Party
24%
Mario Party 3 Merry-Go-Chomp
24%
Mario Party 3 Messy Memory
24%
Mario Party Musical Mushroom
24%
Mario Party 8 Paint Misbehavin'
24%
Mario Party Pipe Maze
24%
Mario Party 6 Rocky Road
24%
Mario Party Skateboard Scamper
24%
Mario Party 2 Sneak 'n' Snore
24%
Mario Party 3 Snowball Summit
24%
Mario Party 6 Snow Whirled
24%
Mario Party 6 Strawberry Shortfuse
24%
Mario Party Teetering Towers
24%
Mario Party 3 The Beat Goes On
24%
Mario Party Tightrope Treachery
24%
Mario Party 2 Toad in the Box
24%
Mario Party 3 Toadstool Titan
24%
Mario Party 4 Avalanche!
21%
Mario Party Bash 'n' Cash
21%
Super Mario Party Jamboree Big-Top Quiz
21%
Mario Party Bombsketball
21%
Mario Party 4 Bowser's Bigger Blast
21%
Mario Party 2 Cake Factory
21%
Mario Party 5 Dinger Derby
21%
Mario Party 3 Dorrie Dip
21%
Mario Party 8 Flip the Chimp
21%
Mario Party 4 Fruits of Doom
21%
Mario Party Ghost Guess
21%
Mario Party 9 Goomba Bowling
21%
Mario Party 9 Goomba Spotting
21%
Mario Party 4 GOOOOOOOAL!!
21%
Mario Party 5 Ground Pound Down
21%
Mario Party 6 Insectiride
21%
Mario Party 7 Magmagical Journey!
21%
Mario Party Mario Bandstand
21%
Mario Party 3 Motor Rooter
21%
Mario Party 3 Parasol Plummet
21%
Mario Party Pedal Power
21%
Mario Party 2 Rakin' 'em in
21%
Mario Party Running of the Bulb
21%
Mario Party Shell Game
21%
Mario Party 6 Snow Brawl
21%
Mario Party 7 Spin Doctor
21%
Mario Party 4 | Super Mario Party Jamboree Stamp Out!
21%
Mario Party 3 Three Door Monty
21%
Mario Party 3 Tick Tock Hop
21%
Mario Party 5 Will Flower
21%
Mario Party 2 Abandon Ship
18%
Mario Party 8 At the Chomp Wash
18%
Mario Party 3 Awful Tower
18%
Mario Party 3 Baby Bowser Bonkers
18%
Mario Party 6 Block Star
18%
Mario Party 6 Blooper Scooper
18%
Mario Party 3 Bobbing Bow-loons
18%
Mario Party 3 Boulder Ball
18%
Mario Party 9 Buddy Bounce
18%
Mario Party 6 Clean Team
18%
Mario Party 7 Cointagious
18%
Mario Party 6 Crate and Peril
18%
Mario Party 6 Daft Rafts
18%
Mario Party Deep Sea Divers
18%
Mario Party 2 Destruction Duet
18%
Mario Party 2 Dizzy Dancing
18%
Mario Party 2 Filet Relay
18%
Mario Party 7 Funderwall!
18%
Mario Party 7 Funstacle Course!
18%
Mario Party 6 Garden Grab
18%
Mario Party 2 Hammer Slammer
18%
Mario Party 3 Hey, Batter, Batter!
18%
Mario Party 4 Hide and Go BOOM
18%
Mario Party Key-pa-Way
18%
Mario Party 6 Lift Leapers
18%
Mario Party 3 Locked Out
18%
Mario Party 9 Logger Heads
18%
Mario Party 4 Long Claw of the Law
18%
Mario Party 9 Manor of Escape
18%
Mario Party 8 Mario Matrix
18%
Super Mario Party Jamboree Mario's Three-peat
18%
Mario Party 5 Mathletes
18%
Mario Party 2 Mecha-Marathon
18%
Mario Party 4 Money Belts
18%
Mario Party 5 Night Light Fright
18%
Super Mario Party Jamboree Peach's Day Off
18%
Mario Party 3 Picture Imperfect
18%
Mario Party 7 Picture This
18%
Mario Party 5 Piece Out
18%
Mario Party 9 Pier Pressure
18%
Mario Party 6 Pit Boss
18%
Mario Party 6 Pitifall
18%
Mario Party 7 Pogo-a-Go-Go
18%
Mario Party 6 Pop Star
18%
Mario Party 2 Quicksand Cache
18%
Mario Party 2 Rainbow Run
18%
Mario Party 4 Right Oar Left?
18%
Mario Party 2 Roll Call
18%
Super Mario Party Jamboree Sandwiched
18%
Mario Party 8 Shake It Up
18%
Mario Party 9 Shell Soccer
18%
Mario Party 9 Skipping Class
18%
Mario Party 9 Skyjinks
18%
Mario Party Slot Machine
18%
Mario Party 9 Smash Compactor
18%
Mario Party 6 Smashdance
18%
Mario Party 7 Stick and Spin
18%
Mario Party 6 Sunday Drivers
18%
Mario Party 9 Tackle Takedown
18%
Mario Party 4 The Great Deflate
18%
Mario Party 9 Toad and Go Seek
18%
Mario Party 4 Trace Race
18%
Mario Party 6 Trap Ease Artist
18%
Mario Party 4 Tree Stomp
18%
Super Mario Party Trike Harder
18%
Mario Party 8 Winner or Dinner
18%
Mario Party 6 Wrasslin' Rapids
18%
Mario Party 9 10 to Win
15%
Mario Party 7 A Bridge too Short
15%
Mario Party 3 Ace's High
15%
Mario Party 7 Apes of Wrath
15%
Mario Party 6 Asteroad Rage
15%
Mario Party 4 Balloon of Doom
15%
Mario Party 7 Big Dripper
15%
Mario Party 9 Bombard King Bob-omb
15%
Mario Party 6 Boo'd Off the Stage
15%
Mario Party 10 Bowser's Bad Breath
15%
Mario Party 10 Bowser's Bogus Bingo
15%
Mario Party 9 Bumper Bubbles
15%
Mario Party 6 Burnstile
15%
Mario Party 6 Cashapult
15%
Mario Party 9 Chain Chomp Romp
15%
Mario Party 9 Chain Event
15%
Mario Party 3 Chip Shot Challenge
15%
Super Mario Party Jamboree Chomp Wash
15%
Mario Party 6 Cog Jog
15%
Mario Party 7 Coin-op Bop
15%
Mario Party 6 Control Shtick
15%
Mario Party 6 Conveyor Bolt
15%
Super Mario Party Jamboree Cookie Cutters
15%
Mario Party 8 Crank to Rank
15%
Mario Party 3 Curtain Call
15%
Mario Party 6 Dark 'n' Crispy
15%
Mario Party 4 Darts of Doom
15%
Mario Party 5 Defuse or Lose
15%
Mario Party 9 Don't Look
15%
Super Mario Party Don't Wake Wiggler!
15%
Mario Party 6 Dust 'til Dawn
15%
Mario Party 3 End of the Line
15%
Mario Party 5 Fish Upon a Star
15%
Mario Party 10 Fruit of the Doom
15%
Mario Party 9 Fungi Frenzy
15%
Super Mario Party Jamboree Gate Key-pers
15%
Mario Party 5 Get a Rope
15%
Super Mario Party Jamboree Hot-Hot Hop
15%
Mario Party 6 Hyper Sniper
15%
Mario Party 3 Ice Rink Risk
15%
Mario Party 8 Ion the Prize
15%
Mario Party 7 Jump, Man
15%
Mario Party 6 Jump the Gun
15%
Mario Party 8 King of the Thrill
15%
Mario Party 5 Later Skater
15%
Mario Party 2 Lights Out
15%
Super Mario Party Jamboree Lumber Tumble
15%
Mario Party 4 Mario Medley
15%
Mario Party 10 Meanie Match
15%
Mario Party 9 Mecha Choice
15%
Mario Party 6 Memory Lane
15%
Mario Party 6 Mole-It!
15%
Mario Party 2 Move to the Music
15%
Mario Party 6 Odd Card Out
15%
Mario Party 4 Order Up
15%
Mario Party 6 O-Zone
15%
Mario Party 9 Peak Precision
15%
Mario Party 9 Pianta Pool
15%
Mario Party 6 Pixel Perfect
15%
Mario Party 9 Pix Fix
15%
Mario Party 6 Pokey Punch-out
15%
Mario Party 10 Rapid River Race
15%
Mario Party 8 Rudder Madness
15%
Mario Party 4 | Super Mario Party Rumble Fishing
15%
Mario Party 2 Shock, Drop or Roll
15%
Mario Party 5 Shy Guy Showdown
15%
Mario Party 10 Shy Guy Shuffle
15%
Mario Party 2 Sky Pilots
15%
Mario Party 4 Slime Time
15%
Mario Party 3 Slot Synch
15%
Mario Party 6 Slot Trot
15%
Mario Party 10 Soar to Score
15%
Mario Party 9 Sock It to Lakitu
15%
Mario Party 9 Spike Strike
15%
Mario Party 3 Spotlight Swim
15%
Mario Party 5 Squared Away
15%
Mario Party 3 Stacked Deck
15%
Mario Party 6 Stage Fright
15%
Mario Party 6 Stamp by Me
15%
Mario Party 7 Take Me Ohm
15%
Mario Party 6 Tally Me Banana
15%
Mario Party 4 Three Throw
15%
Mario Party 7 Track and Yield
15%
Mario Party 6 Treasure Trawlers
15%
Mario Party 6 Trick or Tree
15%
Mario Party 5 Triple Jump
15%
Mario Party 9 Tumble Temple
15%
Mario Party 9 Urn It
15%
Mario Party 3 Water Whirled
15%
Mario Party 9 Whomp Stomp
15%
Mario Party 8 Aim of the Game
12%
Mario Party 2 Archer-ival
12%
Mario Party 5 Astro-Logical
12%
Mario Party 4 Beach Volley Folly
12%
Mario Party 5 Beam Team
12%
Mario Party 5 Big Top Drop
12%
Mario Party 5 Bill Blasters
12%
Mario Party 6 Black Hole Boogie
12%
Mario Party 2 Bob-omb Barrage
12%
Mario Party 4 Bob-omb Breakers
12%
Mario Party 10 Bob-omb Combo
12%
Mario Party 6 Boonanza
12%
Mario Party 8 Boo-ting Gallery
12%
Mario Party 4 Bowser Bop
12%
Mario Party 10 Bowser's Clawful Climb
12%
Mario Party 10 Bowser's Hammer Slammer
12%
Mario Party 10 Bowser's Sinister Slots
12%
Mario Party 3 Bowser Toss
12%
Mario Party Bumper Ball Maze
12%
Mario Party 5 Bus Buffer
12%
Mario Party 7 Camp Ukiki
12%
Super Mario Party Can Take Pancake
12%
Mario Party 8 Cardiators
12%
Mario Party 9 Card Smarts
12%
Mario Party 6 Cash Flow
12%
Mario Party 7 Catchy Tunes
12%
Mario Party 4 Cheep Cheep Sweep
12%
Mario Party 5 Chimp Chase
12%
Mario Party 4 Cliffhangers
12%
Mario Party 5 Clock Stoppers
12%
Mario Party 3 Coconut Conk
12%
Mario Party 5 Coin Cache
12%
Mario Party 3 Crazy Cogs
12%
Mario Party 8 Cut From the Team
12%
Mario Party 9 Deck Dry Bones
12%
Mario Party 6 Dizzy Rotisserie
12%
Super Mario Party Dust Buddies
12%
Mario Party 9 Finger Painting
12%
Mario Party 7 Flashfright
12%
Mario Party 5 Flatiator
12%
Mario Party 5 Flower Shower
12%
Mario Party 10 Foo Me Once
12%
Mario Party 10 Found It? Pound It!
12%
Mario Party 6 Freeze Frame
12%
Mario Party 3 Frigid Bridges
12%
Mario Party 6 Full Tilt
12%
Mario Party 3 Game Guy's Magic Boxes
12%
Mario Party 3 Game Guy's Roulette
12%
Mario Party 3 Game Guy's Sweet Surprise
12%
Mario Party 7 Ghost in the Hall
12%
Mario Party 8 Glacial Meltdown
12%
Mario Party 6 Gondola Glide
12%
Mario Party 9 Goomba Village
12%
Mario Party 9 Growing Up
12%
Super Mario Party Jamboree Hot Cross Blocks
12%
Mario Party 8 In the Nick of Time
12%
Mario Party 9 Jigsaw Jumble
12%
Super Mario Party Jamboree Jr.'s Jauntlet
12%
Mario Party 8 Kartastrophe
12%
Mario Party 7 Kart Wheeled
12%
Mario Party 9 Launch Break
12%
Mario Party 2 Lava Tile Isle
12%
Mario Party 6 Light Breeze
12%
Mario Party 2 Looney Lumberjacks
12%
Mario Party 5 Lucky Lineup
12%
Mario Party 5 Manic Mallets
12%
Mario Party 4 Manta Rings
12%
Mario Party 5 Merry Poppings
12%
Mario Party 2 Mushroom Brew
12%
Mario Party 6 Note to Self
12%
Super Mario Party Pie Hard
12%
Mario Party 3 Pipe Cleaners
12%
Mario Party 7 Pokey Pummel
12%
Mario Party 8 Pour to Score
12%
Mario Party 3 Puddle Paddle
12%
Mario Party 5 Pump 'n' Jump
12%
Mario Party 7 Pyramid Scheme
12%
Mario Party 2 Quick Draw Corks
12%
Mario Party 5 Rain of Fire
12%
Mario Party 5 Random Ride
12%
Mario Party 9 Ring Leader
12%
Mario Party 3 Rockin' Raceway
12%
Mario Party 2 Rock, Paper, Mario
12%
Mario Party 2 Roll Out the Barrels
12%
Mario Party 8 Rotation Station
12%
Mario Party 7 Royal Rumpus
12%
Mario Party 10 Shape Up
12%
Mario Party 5 | Mario Party 7 Shock Absorbers
12%
Mario Party 3 Silly Screws
12%
Mario Party 5 Sky Survivor
12%
Super Mario Party Slaparazzi
12%
Mario Party 3 Slap Down
12%
Mario Party 7 Slot-O-Whirl!
12%
Mario Party 9 Snow Go
12%
Mario Party 7 Snow Ride
12%
Mario Party 8 Snow Way Out
12%
Mario Party 8 Specter Inspector
12%
Mario Party 2 Speed Hockey
12%
Mario Party 9 Speeding Bullets
12%
Mario Party 8 Speedy Graffiti
12%
Mario Party 8 Stampede
12%
Mario Party 6 Sumo of Doom-o
12%
Mario Party 3 Swinging With Sharks
12%
Mario Party 4 Take a Breather
12%
Mario Party 4 Team Treasure Trek
12%
Mario Party 4 The Final Battle!
12%
Super Mario Party Jamboree Thwomp the Difference
12%
Mario Party 2 Time Bomb
12%
Mario Party Tipsy Tourney
12%
Mario Party 6 T Minus Five
12%
Mario Party 4 Toad's Quick Draw
12%
Mario Party 8 Treacherous Tightrope
12%
Mario Party 3 Treadmill Grill
12%
Mario Party 9 Tuber Tug
12%
Mario Party 9 Upward Mobility
12%
Mario Party 5 Vicious Vending
12%
Mario Party 7 Vine Country
12%
Mario Party 7 Warp Pipe Dreams
12%
Mario Party 7 Weight for It
12%
Mario Party 5 Whomp Maze
12%
Mario Party 3 Winner's Wheel
12%
Super Mario Party Jamboree Yoshi's Mountain Race
12%
Mario Party 7 Air Farce
9%
Mario Party 3 All Fired Up
9%
Super Mario Party Jamboree All the Marbles
9%
Mario Party 8 Attention Grabber
9%
Mario Party 3 Baby Bowser Broadside
9%
Mario Party 8 Balancing Act
9%
Mario Party 9 Ballistic Beach
9%
Mario Party 7 Balloonatic
9%
Mario Party 6 Banana Shake
9%
Mario Party 7 Battery Ram
9%
Mario Party 9 Billistics
9%
Mario Party 5 Blown Away
9%
Mario Party 10 Bob-omb Bogey
9%
Mario Party 9 Bomb Barge
9%
Mario Party 5 Bound of Music
9%
Mario Party 9 Bowser Jr. Breakdown
9%
Mario Party 9 Bowser Pop
9%
Mario Party 9 Bowser's Block Battle
9%
Mario Party 10 Bowser's Fire Bar Fury
9%
Mario Party 2 Bowser Slots
9%
Mario Party 10 Bowser's Wicked Wheel
9%
Mario Party 7 Boxing Day
9%
Mario Party 8 Breakneck Building
9%
Mario Party 7 Bridge Work
9%
Mario Party 8 Bumper Balloons
9%
Super Mario Party Jamboree Burger Builders
9%
Mario Party 4 Butterfly Blitz
9%
Mario Party 7 Buzzstormer
9%
Mario Party 5 Cage-In Cookin'
9%
Mario Party 6 Cannonball Fun
9%
Mario Party 9 Castle Clearout
9%
Mario Party 4 Chain Chomp Fever
9%
Mario Party 10 Cheep Cheep Leap
9%
Mario Party 5 Chomp Romp
9%
Mario Party 8 Chump Rope
9%
Mario Party 6 Circuit Maximas
9%
Mario Party 7 Clock Watchers
9%
Mario Party 2 Coffin Congestion
9%
Super Mario Party Jamboree Cold Front
9%
Mario Party 3 Cosmic Coaster
9%
Mario Party 5 Countdown Pound
9%
Mario Party 8 Crops 'n' Robbers
9%
Mario Party 3 Crowd Cover
9%
Super Mario Party Jamboree Daisy's Field Day
9%
Mario Party 7 Dart Attack
9%
Mario Party 5 Da Vine Climb
9%
Mario Party 7 Deck Hands
9%
Mario Party 2 Deep Sea Salvage
9%
Mario Party 10 Dice 'n' Dash
9%
Mario Party 9 Diddy's Banana Blast
9%
Mario Party 3 Dizzy Dinghies
9%
Mario Party 5 Dodge Bomb
9%
Mario Party 4 Doors of Doom
9%
Mario Party 9 Double Pounder
9%
Mario Party 6 Dunk Bros
9%
Mario Party 3 Etch 'n' Catch
9%
Mario Party 8 Eyebrawl
9%
Mario Party 3 Eye Sore
9%
Mario Party 4 Fish 'n' Drips
9%
Mario Party 10 Flash Forward
9%
Mario Party 5 Frightmare
9%
Mario Party 5 Frozen Frenzy
9%
Mario Party 10 Fruit Cahoots
9%
Mario Party 8 Fruit Picker
9%
Mario Party 6 Fruit Talktail
9%
Mario Party 10 Fuzzy Fliers
9%
Mario Party 3 Game Guy's Lucky 7
9%
Mario Party 2 Give Me a Brake!
9%
Mario Party 4 Goomba Stomp
9%
Mario Party 8 Gun the Runner
9%
Mario Party 5 Handy Hoppers
9%
Mario Party 5 Head Waiter
9%
Mario Party 5 Heat Stroke
9%
Mario Party 7 Helipopper
9%
Mario Party 7 Herbicidal Maniac
9%
Mario Party 9 Hole Hogs
9%
Mario Party 7 Hop-O-Matic 4000
9%
Mario Party 4 Hop or Pop
9%
Mario Party 10 Ice Slide, You Slide
9%
Mario Party 5 ID UFO
9%
Mario Party 4 Kareening Koopas
9%
Mario Party Knock Block Tower
9%
Mario Party 6 Lab Brats
9%
Mario Party 8 Lava or Leave 'em
9%
Mario Party 8 Lean, Mean Ravine
9%
Mario Party 6 Light Up My Night
9%
Mario Party 9 Line in the Sand
9%
Mario Party 8 Lob to Rob
9%
Mario Party 8 Loco Motives
9%
Mario Party 6 Lunar-tics
9%
Mario Party 7 Mad Props
9%
Mario Party 9 Magma Mayhem
9%
Mario Party 2 Magnet Carta
9%
Mario Party 5 Mario Mechs
9%
Mario Party 4 Mario Speedwagons
9%
Mario Party 3 Mario's Puzzle Party Pro
9%
Super Mario Party Jamboree Match! That! Item!
9%
Mario Party 5 Mazed and Confused
9%
Mario Party 9 Mecha March
9%
Mario Party 10 Mega Cheep Chomp's Shell Shock
9%
Mario Party 10 Mega Goomba's Ladder Leap
9%
Super Mario Party Jamboree Mega Stingby Stompers
9%
Mario Party 9 Mob Sleds
9%
Mario Party 10 Movin' Mushrooms
9%
Mario Party 6 Mowtown
9%
Super Mario Party Jamboree Night Lights
9%
Mario Party 7 Number Crunchers
9%
Mario Party 4 Pair-a-sailing
9%
Mario Party 4 Paratrooper Plunge
9%
Mario Party 9 Pedal to the Paddle
9%
Mario Party 7 Peel Out
9%
Mario Party 10 Peepa Panic
9%
Mario Party 4 Photo Finish
9%
Mario Party 3 Picking Panic
9%
Mario Party 8 Picture Perfect
9%
Mario Party 6 Pier Factor
9%
Mario Party 9 Pinball Fall
9%
Mario Party 10 Pipe Sniper
9%
Mario Party 9 Pit or Platter
9%
Mario Party 10 Platform Push
9%
Mario Party 9 Polar Extreme
9%
Mario Party 3 Popgun Pick-Off
9%
Mario Party 5 Pound Peril
9%
Mario Party 8 Power Trip
9%
Mario Party 2 Psychic Safari
9%
Mario Party 8 Pumper Cars
9%
Mario Party 8 Punch-a-Bunch
9%
Mario Party 6 Ray of Fright
9%
Mario Party 7 Real Smoothie
9%
Mario Party 3 Ridiculous Relay
9%
Super Mario Party Jamboree Rosalina's Radical Race
9%
Mario Party 8 Rowed to Victory
9%
Mario Party 5 Rumble Fumble
9%
Mario Party 5 Rumble Ready
9%
Mario Party 8 Saucer Swarm
9%
Mario Party 5 Scaldin' Cauldron
9%
Super Mario Party Jamboree Scare-ousel
9%
Mario Party 6 Seer Terror
9%
Mario Party 6 Shoot Yer Mouth Off
9%
Mario Party 8 Sick and Twisted
9%
Mario Party 6 Sink or Swim
9%
Super Mario Party Sizzling Stakes
9%
Mario Party 10 Skewer Scurry
9%
Super Mario Party Jamboree Slappy-Go-Round
9%
Mario Party 8 Snipe for the Picking
9%
Mario Party 7 Sphere Factor
9%
Mario Party 7 Spider Stomp
9%
Mario Party 7 Spray Anything
9%
Super Mario Party Stake Your Claim
9%
Super Mario Party Jamboree Stone-Eye Bowling
9%
Mario Party 3 Storm Chasers
9%
Mario Party 8 Sugar Rush
9%
Mario Party 8 Swing Kings
9%
Mario Party 9 Thwomper Room
9%
Mario Party 3 Thwomp Pull
9%
Mario Party 3 Tidal Toss
9%
Mario Party 2 Tile Driver
9%
Super Mario Party Jamboree Tiny Triathlon
9%
Mario Party 2 Totem Pole Pound
9%
Super Mario Party Train in Pain
9%
Mario Party 7 Treasure Dome!
9%
Mario Party 6 Tricky Tires
9%
Mario Party 5 Tube It or Lose It
9%
Mario Party 5 Tug-o-Dorrie
9%
Mario Party 7 Tunnel of Lava!
9%
Mario Party 5 Twist 'n' Out
9%
Super Mario Party Jamboree Waluigi's Pinball Arcade
9%
Mario Party 9 Weird Wheels
9%
Super Mario Party Jamboree Which Door Has More?
9%
Mario Party 7 Wingin' It
9%
Mario Party 6 Word Herd
9%
Mario Party 7 World Piece
9%
Mario Party 8 You're the Bob-omb
9%
Mario Party 8 Alpine Assault
6%
Mario Party 4 Archaeologuess
6%
Mario Party 10 Badminton Bash
6%
Mario Party 10 Balance Ball Brawl
6%
Super Mario Party Jamboree Ballistic Bingo
6%
Mario Party 10 Balloon Blast Bash
6%
Mario Party 7 Balloon Busters
6%
Mario Party 5 Banana Punch
6%
Mario Party 7 Bananas Faster
6%
Mario Party 5 Banking Coins
6%
Mario Party 5 Beach Volleyball
6%
Mario Party 7 Be My Chum!
6%
Mario Party 5 Berry Basket
6%
Mario Party 9 Block and Roll
6%
Mario Party 9 Blooper Barrage
6%
Mario Party 8 Bob-ombs Away
6%
Mario Party 4 Bob-omb X-ing
6%
Mario Party 10 Bobsled Battle
6%
Mario Party 10 Boo Burglars
6%
Mario Party 10 Bouncy Bounty
6%
Mario Party 10 Bouncy Brawl
6%
Mario Party 10 Bowser Jr.'s Clobber Cage
6%
Mario Party 10 Bowser's High Dive
6%
Mario Party 7 Bowser's Lovely Lift!
6%
Mario Party 10 Bowser's Paintball
6%
Mario Party 10 Bowser's Roulette Rage
6%
Mario Party 10 Bowser's Tank Terror
6%
Super Mario Party Jamboree Brick Breaker
6%
Super Mario Party Jamboree Broozer Bash
6%
Mario Party 10 Bubble Squabble
6%
Mario Party 10 Bullet Bill Bullies
6%
Mario Party 7 Bumper Crop
6%
Mario Party 10 Bump, Set, Spike
6%
Super Mario Party Candy Shakedown
6%
Mario Party 4 Challenge Booksquirm
6%
Mario Party 10 Cheep Cheep Check
6%
Mario Party 9 Cheep Cheep Shot
6%
Mario Party 8 Cosmic Slalom
6%
Mario Party 5 Curvy Curbs
6%
Super Mario Party Jamboree DK's Konga Line
6%
Super Mario Party Jamboree Dragoneel Slayers
6%
Mario Party 2 Driver's Ed
6%
Super Mario Party Drop Quiz
6%
Mario Party 7 Duct and Cover
6%
Mario Party 7 Easy Pickings
6%
Super Mario Party Jamboree Fast Fishing
6%
Mario Party 5 Fight Cards
6%
Mario Party 7 Fish and Cheeps
6%
Mario Party 5 Fish Sticks
6%
Mario Party 3 Fowl Play
6%
Mario Party 8 Frozen Assets
6%
Mario Party 10 Fruit Scoot Scurry
6%
Super Mario Party Fuzzy Flight School
6%
Super Mario Party Jamboree Fuzzy Heights
6%
Super Mario Party Get Over It
6%
Mario Party 7 Gimme a Sign
6%
Mario Party 10 Goomba Gallop
6%
Mario Party 10 Goomba Gotcha
6%
Mario Party 4 Goomba's Chip Flip
6%
Mario Party 10 Goombrat Combat
6%
Mario Party 8 Grabbin' Gold
6%
Mario Party 8 Grabby Gridiron
6%
Super Mario Party Gridiron Gauntlet
6%
Mario Party 7 Grin and Bar It
6%
Mario Party 10 Ground Pound Pals
6%
Mario Party 3 Hand, Line and Sinker
6%
Mario Party 7 Hip Hop Drop
6%
Mario Party 5 Hydrostars
6%
Mario Party 3 Hyper Hydrants
6%
Mario Party 5 Ice Hockey
6%
Mario Party 7 Ice Moves
6%
Super Mario Party Isthmus Be the Way
6%
Mario Party 10 Jewel Drop
6%
Mario Party 4 Jigsaw Jitters
6%
Super Mario Party Juice Box
6%
Super Mario Party Jamboree Juiceworks
6%
Mario Party 10 Kamek's Rocket Rampage
6%
Mario Party 10 Keep-Away Mayhem
6%
Mario Party 9 King Boo's Puzzle Attack
6%
Mario Party 10 King Boo's Tricky Tiles
6%
Mario Party 7 La Bomba
6%
Mario Party 8 Lava Lobbers
6%
Mario Party 7 Light Speed
6%
Mario Party 3 Log Jam
6%
Super Mario Party Looking for Love
6%
Super Mario Party Jamboree Look This Way
6%
Super Mario Party Jamboree Luigi Rescue Operation
6%
Mario Party 10 Magma Meltdown
6%
Super Mario Party Making Faces
6%
Mario Party 5 Mass A-Peel
6%
Mario Party 10 Mega Blooper's Bubble Battle
6%
Mario Party 10 Mega Mechakoopa's Swing and Stomp
6%
Super Mario Party Jamboree Mega Rocky Wrench Wreckers
6%
Mario Party 8 Mosh-pit Playroom
6%
Mario Party 10 Murky Maze
6%
Super Mario Party Net Worth
6%
Super Mario Party Nut Cases
6%
Mario Party 7 Oil Crisis
6%
Super Mario Party Jamboree On the Beet
6%
Mario Party 10 Paintball Battle
6%
Mario Party 4 Panel Panic
6%
Mario Party 4 Panels of Doom
6%
Mario Party 5 Panic Pinball
6%
Mario Party 10 Petey's Bomb Battle
6%
Super Mario Party Jamboree Pickax Dash
6%
Mario Party 9 Piranha Patch
6%
Mario Party 9 Plunder Ground
6%
Super Mario Party Jamboree Prime Cut
6%
Mario Party 3 Pump, Pump and Away
6%
Super Mario Party Jamboree Puzzle Pandemonium
6%
Mario Party 5 Quilt for Speed
6%
Super Mario Party Rattle and Hmmm
6%
Mario Party 4 Revers-a-Bomb
6%
Mario Party 5 Revolving Fire
6%
Mario Party 10 Revolving Relay
6%
Mario Party 7 Rope a Dope
6%
Mario Party 9 Ruins Rumble
6%
Mario Party 2 Saber Swipes
6%
Mario Party 8 Scooter Pursuit
6%
Super Mario Party Senseless Census
6%
Mario Party 8 Settle It in Court
6%
Super Mario Party Jamboree Sky-High Cannons
6%
Mario Party 10 Snake Block Party
6%
Mario Party 10 Soccer Brawl
6%
Super Mario Party Social Climbers
6%
Mario Party 6 Something's Amist
6%
Super Mario Party Jamboree Soup Troupe
6%
Mario Party 10 Spiked Ball Scramble
6%
Mario Party 10 Spring Fling
6%
Super Mario Party Jamboree Squeaky Shakedown
6%
Mario Party 3 Stardust Battle
6%
Mario Party 10 Steal the Beat
6%
Mario Party 7 StratosFEAR!
6%
Mario Party 7 Stump Change
6%
Mario Party 5 Submarathon
6%
Super Mario Party Jamboree Sunset Standoff
6%
Mario Party 8 Superstar Showdown
6%
Mario Party 8 Surf's Way Up
6%
Mario Party 6 Surge and Destroy
6%
Mario Party 8 Swervin' Skies
6%
Mario Party 3 Swing 'n' Swipe
6%
Mario Party 7 Synch-row-nicity
6%
Mario Party 6 Talkie Walkie
6%
Mario Party 7 Target Tap
6%
Mario Party 7 Think Tank
6%
Mario Party 8 Thrash 'n' Crash
6%
Mario Party 7 Tile and Error
6%
Super Mario Party Jamboree Tilt-a-Golf
6%
Mario Party 2 Torpedo Targets
6%
Super Mario Party Jamboree Trample-line
6%
Super Mario Party Jamboree Unfriendly Flying Object
6%
Mario Party 7 Unhappy Trails
6%
Mario Party 6 Verbal Assault
6%
Super Mario Party Jamboree Wario's Buzzer Beater
6%
Mario Party 10 Watermelon Whalin'
6%
Super Mario Party Jamboree Whisk Cream
6%
Mario Party 5 Wind Wavers
6%
Mario Party 8 Wing and a Scare
6%
Mario Party 9 Zoom Room
6%
Super Mario Party Absent Minded
3%
Super Mario Party Air to a Fortune
3%
Super Mario Party All-Star Swingers
3%
Super Mario Party Jamboree Arch Rivals
3%
Super Mario Party Jamboree A Stone's Throw
3%
Super Mario Party Jamboree Ball Volley
3%
Super Mario Party Banana, Split
3%
Mario Party 4 Barrel Baron
3%
Super Mario Party Barreling Along
3%
Super Mario Party Baton and On
3%
Mario Party 10 Beeline Shrine
3%
Mario Party 8 Blazing Lassos
3%
Super Mario Party Block and Load
3%
Mario Party 7 Bob-omic Plague
3%
Mario Party 6 Body Builder
3%
Super Mario Party Jamboree Boss Sumo Bro Blitzers
3%
Super Mario Party Jamboree Bowser Crashers
3%
Mario Party 10 Bowser Jr.'s Bonk Battle
3%
Mario Party 4 Bowser Wrestling
3%
Mario Party 7 Bumper to Bumper
3%
Mario Party 9 Cage Match
3%
Super Mario Party Jamboree Camera-Ready
3%
Mario Party 4 Candelight Flight
3%
Mario Party 8 Canyon Cruisers
3%
Mario Party 8 Chomping Frenzy
3%
Super Mario Party Clearing the Table
3%
Super Mario Party Jamboree Copycat Curry
3%
Super Mario Party Croozin' for a Broozin'
3%
Super Mario Party Dart Gallery
3%
Super Mario Party Dash and Dine
3%
Mario Party 9 DK's Banana Bonus
3%
Super Mario Party Drop Shot
3%
Super Mario Party Jamboree En Barb!
3%
Super Mario Party Feeding Friendsy
3%
Super Mario Party Fetch Quest
3%
Super Mario Party Fiddler on the Hoof
3%
Super Mario Party Fireplace Race
3%
Mario Party 8 Flagging Rights
3%
Super Mario Party Follow the Money
3%
Super Mario Party Jamboree Footlong Frenzy
3%
Super Mario Party Fruit Forecast
3%
Super Mario Party Jamboree Gold 'n Brown
3%
Super Mario Party Go with the Flow
3%
Super Mario Party Half the Battle
3%
Super Mario Party Hammer and Sic 'Em
3%
Super Mario Party Jamboree Hammer It Home
3%
Mario Party 7 Hammer Spammer
3%
Super Mario Party Home on the 'Rang
3%
Mario Party 10 Hope, Drop, and Roll
3%
Super Mario Party Jamboree Income Stream
3%
Super Mario Party It's the Pits
3%
Super Mario Party Just for Kicks
3%
Super Mario Party Jamboree Lane Change
3%
Super Mario Party Lightning Round
3%
Super Mario Party Lit Potato
3%
Super Mario Party Look Sharp
3%
Super Mario Party Lost in the Shuffle
3%
Mario Party 4 Makin' Waves
3%
Mario Party 2 Mallet-Go-Round
3%
Mario Party 5 Mario Can-Can
3%
Super Mario Party Jamboree Match Makers
3%
Mario Party 7 Mathemortician
3%
Mario Party 10 Mega Monty Mole's Maze Michief
3%
Super Mario Party Metal Detectors
3%
Mario Party 8 Moped Mayhem
3%
Mario Party 4 Mr. Blizzard's Brigade
3%
Mario Party 4 Mushroom Medic
3%
Mario Party 4 Mystic Match 'Em
3%
Super Mario Party Off the Chain
3%
Super Mario Party Jamboree Parfait the Course
3%
Super Mario Party Penguin Pushers
3%
Super Mario Party Pep Rally
3%
Super Mario Party Perfect Fit
3%
Mario Party 9 Player Conveyor
3%
Mario Party 5 Pop-Star Piranhas
3%
Super Mario Party Puzzle Hustle
3%
Mario Party 8 Puzzle Pillars
3%
Super Mario Party Rhythm and Bruise
3%
Super Mario Party Jamboree Robo Arm Wrestle
3%
Super Mario Party Rowboat Uprising
3%
Mario Party 9 Sand Trap
3%
Super Mario Party Jamboree Shadow Play
3%
Super Mario Party Shell Shocked Deluxe
3%
Super Mario Party Jamboree Short Stack Chef
3%
Super Mario Party Sign, Steal, Deliver
3%
Super Mario Party Jamboree Ski-daddle
3%
Mario Party 10 Sledge Bro's Card Chaos
3%
Super Mario Party Jamboree Sled to the Edge
3%
Super Mario Party Jamboree Sleight of Shell
3%
Super Mario Party Smash and Crab
3%
Super Mario Party Snack Attack
3%
Super Mario Party Jamboree Snag the Flags
3%
Super Mario Party Soak or Croak
3%
Super Mario Party Sort of Fun
3%
Super Mario Party Sphere Mongers
3%
Mario Party 9 Spike-n-Span
3%
Super Mario Party Jamboree Spike's Gambit
3%
Mario Party 7 Spinner Cell
3%
Mario Party 7 Spin Off
3%
Mario Party 8 Star Carnival Bowling
3%
Super Mario Party Suit Yourselves
3%
Mario Party 8 Table Menace
3%
Super Mario Party Take a Stab
3%
Super Mario Party Tall Order
3%
Super Mario Party Jamboree The Floor is Falling
3%
Super Mario Party Time to Shine
3%
Super Mario Party Timing is Money
3%
Mario Party 2 Toad Banstand
3%
Super Mario Party Tow the Line
3%
Super Mario Party Jamboree Twist and Sort
3%
Mario Party 9 Twist Ending
3%
Super Mario Party Jamboree Two-Axis Taxi
3%
Super Mario Party What a Racket
3%
Mario Party 7 Wheel of Woe
3%
Super Mario Party Wiped Out
3%
Mario Party 6 Ball Dozers
0%
Super Mario Party Jamboree Bath Bob-ombs
0%
Mario Party 10 Blooper Blastoff
0%
Super Mario Party Bopping Spree
0%
Super Mario Party Bumper Brawl
0%
Mario Party 9 Bumper Sparks
0%
Super Mario Party Jamboree Burning Bridges
0%
Super Mario Party Jamboree Cage Catch
0%
Mario Party 7 Cardinal Rule
0%
Super Mario Party Jamboree Castle Hassle
0%
Mario Party 10 Cliffside Crisis
0%
Super Mario Party Jamboree Coin Conveyor
0%
Super Mario Party Jamboree Coin Corral
0%
Mario Party 9 Crossfire Caverns
0%
Super Mario Party Jamboree Dorrie Pedal-Paddle
0%
Super Mario Party Jamboree Down the Hatch
0%
Super Mario Party Jamboree Fire Away
0%
Super Mario Party Jamboree Flip 'n Find
0%
Mario Party 7 Gimme a Break
0%
Mario Party 9 Hazard Hold
0%
Super Mario Party Jamboree Light-Wave Battle
0%
Super Mario Party Jamboree Lost and Pound
0%
Super Mario Party Maths of Glory
0%
Super Mario Party Miner Setbacks
0%
Super Mario Party Mini Baseball League
0%
Super Mario Party Jamboree Noggin Knock
0%
Super Mario Party Jamboree On-Again, Off-Again
0%
Mario Party 9 Pair of Aces
0%
Super Mario Party Jamboree Pickin' Produce
0%
Super Mario Party Precision Gardening
0%
Super Mario Party Jamboree Prize Drop
0%
Super Mario Party Jamboree Prize Line
0%
Super Mario Party Pull It Together
0%
Super Mario Party Jamboree Rinks to Riches
0%
Super Mario Party Jamboree Rocky Rope Race
0%
Super Mario Party Jamboree Roll with It
0%
Super Mario Party Jamboree Shuttle Scuttle
0%
Super Mario Party Jamboree Spread 'n Butter
0%
Super Mario Party Strike It Rich
0%
Super Mario Party Jamboree Trading Cards
0%
Super Mario Party Jamboree Treetop Treasure
0%
Mario Party 8 Trial by Tile
0%
Super Mario Party Jamboree Tricky Turntable
0%
Super Mario Party Trip Navigator
0%
Mario Party 8 Water Skee Spree
0%
Mario Party 9 Wiggler's Bounce
0%
No matching quizzes found
Score Distribution
Percent of People with Each Score
Percentile by Number Answered
Your Score History
You have not taken this quiz